| 000 | 00782nam a2200253 i 4500 | ||
|---|---|---|---|
| 001 | 000006100 | ||
| 003 | DO-SdBNP | ||
| 005 | 20250501142520.0 | ||
| 007 | ta | ||
| 008 | 250501s2014 dr 000 0 spa d | ||
| 040 |
_aDO-SdBNP _bspa _cBNPHU _erda |
||
| 041 | _hspa | ||
| 082 |
_axxx _bR426m _222 |
||
| 110 |
_aRepública Dominicana. _bMinisterio de Trabajo _9447 |
||
| 245 | 1 | 0 |
_aManual guía : _bpara la estructuración y actuación de comité mixto de seguridad y salud en el trabajo |
| 264 |
_aSanto Domingo : _bMinisterio de Trabajo, _c2014 |
||
| 300 |
_a26 páginas. ; _c23 cm. |
||
| 336 |
_ardacontent _btexto _2txt |
||
| 337 |
_ardamedia _bsin mediación _2n |
||
| 338 |
_ardacarrier _bvolumen _2nc |
||
| 590 | _aInventariado,2025/DG | ||
| 910 | _aDG | ||
| 942 |
_2ddc _cLF2 |
||
| 999 |
_c58900 _d58900 |
||